| 000 | 01155nam a22002537a 4500 | ||
|---|---|---|---|
| 005 | 20240305165400.0 | ||
| 007 | cr|||| |||| | ||
| 008 | 120925s2011 sp |||||s|||| 00||0 spa d | ||
| 020 | _a978-84-15455-16-5 | ||
| 035 | _a6309 | ||
| 040 | _avLex | ||
| 090 |
_c3472 _d3472 |
||
| 100 | 1 | _aCondesso, Fernando | |
| 245 | 1 | 0 |
_aDerecho a la información. Crisis del sistema político _h[Recurso electrónico] : _bTransparencia de los Poderes Públicos / _cFernando Condesso |
| 256 | _aServicio en línea | ||
| 260 |
_aMadrid : _bDykinson, _c2011 |
||
| 300 | _a1 recurso electrónico | ||
| 506 | 1 |
_aContenido solo disponible en los productos indicados _dvLex Global _dvLex Global (Academic Edition, excluding Law Schools) _dvLex Global (U.S. Academic Edition, Law Schools) _dvLex Global (U.S. Academic Edition, excluding Law Schools) _dvLex Global (Academic Edition, Law Schools) |
|
| 650 | 0 | 4 | _aLibertad de información |
| 650 | 0 | 4 | _aTransparencia política |
| 740 | 0 | _avLex Libros (Servicio en línea) | |
| 856 | 4 | 0 | _uhttps://app.vlex.com/#/sources/derecho-informacion-crisis-sistema-politico-transparencia-poderes-publicos-6309 |
| 942 | _cRAA | ||
| 999 |
_c161862 _d161862 |
||